[Event "Nikaia op 29th"]
[Site "Nikaia"]
[Date "2022.09.07"]
[Round "7"]
[White "Minadakis, Andreas Marios"]
[Black "Karagiannis, Athanasios"]
[Result "0-1"]
[WhiteElo "1709"]
[BlackElo "2149"]
[PlyCount "23"]
[EventDate "2022.09.01"]
[EventType "swiss"]
[EventRounds "9"]
[EventCountry "GRE"]
[SourceTitle "CBM 210 Extra"]
[Source "ChessBase"]
[SourceDate "2022.11.30"]
[SourceVersion "1"]
[SourceVersionDate "2022.11.30"]
[SourceQuality "1"]

1. e4 Nf6 2. e5 Nd5 3. d4 d6 4. c4 Nb6 5. exd6 cxd6 6. Nc3 g6 7. Be3 Bg7 8. Rc1 0-0 9. b3 Bf5 10. Be2 Nc6 11. Nf3 Bg4 12. 0-0 0-1

[Event "GRE-ch U12"]
[Site "Rio Achaia"]
[Date "2018.07.05"]
[Round "4"]
[White "Vlachos, Georgios"]
[Black "Minadakis, Andreas Marios"]
[Result "0-1"]
[WhiteElo "1334"]
[BlackElo "1346"]
[PlyCount "130"]
[EventDate "2018.07.03"]
[EventType "swiss"]
[EventRounds "9"]
[EventCountry "GRE"]
[SourceTitle "EXT 2019"]
[Source "ChessBase"]
[SourceDate "2018.10.10"]
[SourceVersion "1"]
[SourceVersionDate "2018.10.10"]
[SourceQuality "1"]

1. e4 e6 2. d4 d5 3. e5 c5 4. c3 Nc6 5. Nf3 Qb6 6. Na3 cxd4 7. cxd4 Bb4+ 8. Bd2 Bxa3 9. bxa3 Nxd4 10. Qa4+ Nc6 11. Bd3 Bd7 12. Qg4 g6 13. Qh4 Qc7 14. Rc1 Qd8 15. Qh3 f5 16. 0-0 Qe7 17. Rc3 Qg7 18. Qg3 Nh6 19. Rb3 b6 20. Rc1 Nf7 21. Bc3 0-0 22. Bb5 Rfd8 23. Bxc6 Bxc6 24. Bb4 Rdc8 25. Rbc3 Bb7 26. Rc7 Ba6 27. Ng5 Rxc7 28. Rxc7 Rc8 29. Nxe6 Qxe5 30. Qxe5 Nxe5 31. Bc3 Nf7 32. h3 Rxc7 33. Nxc7 Bc4 34. Ne8 h5 35. Nf6+ Kf8 36. f4 Ke7 37. Kf2 Bxa2 38. Ke3 Nd6 39. Kd3 Nb5 40. Bb2 Kd6 41. a4 Nc7 42. Be5+ Kc6 43. Ng8 Kd7 44. Nf6+ Ke6 45. Bxc7 Kxf6 46. Bb8 a6 47. Bc7 b5 48. axb5 axb5 49. Be5+ Ke6 50. g3 Kd7 51. Kc3 Kc6 52. Kb4 Kb6 53. h4 Bc4 54. Bd4+ Kc6 55. Kc3 Kb7 56. Kb4 Ka6 57. Bc5 Kb7 58. Bd4 Kc6 59. Be5 d4 60. Bxd4 Kd5 61. Bc3 Ke4 62. Kc5 Kf3 63. Be1 Kg2 64. Kb4 Kf1 65. Bc3 Kf2 0-1

[Event "GRE-ch U12"]
[Site "Rio Achaia"]
[Date "2018.07.03"]
[Round "1"]
[White "Minadakis, Andreas Marios"]
[Black "Apostolopoulos, Michail"]
[Result "1-0"]
[WhiteElo "1346"]
[BlackElo "1054"]
[PlyCount "65"]
[EventDate "2018.07.03"]
[EventType "swiss"]
[EventRounds "9"]
[EventCountry "GRE"]
[SourceTitle "EXT 2019"]
[Source "ChessBase"]
[SourceDate "2018.10.10"]
[SourceVersion "1"]
[SourceVersionDate "2018.10.10"]
[SourceQuality "1"]

1. e4 c5 2. Nf3 d6 3. d4 cxd4 4. Nxd4 Nf6 5. Nc3 a6 6. f3 e6 7. Be3 Bd7 8. Bc4 Nc6 9. Qd2 Rc8 10. Bb3 Na5 11. a3 e5 12. Nde2 Nxb3 13. cxb3 Be6 14. b4 d5 15. exd5 Bxd5 16. Nxd5 Qxd5 17. Rd1 Rd8 18. Nc3 Qxd2+ 19. Rxd2 Rxd2 20. Kxd2 Bd6 21. Bc5 Ke7 22. Re1 Ke6 23. f4 Rd8 24. Kc2 Re8 25. Kd3 b5 26. h3 Rd8 27. Kc2 Nd7 28. f5+ Kxf5 29. Bxd6 Ke6 30. Bc5 f6 31. Rd1 Rc8 32. Rd6+ Ke7 33. Rc6+ 1-0